Slang: All Generations - Statistics

General Stats
  • This quiz has been taken 91 times
  • The average score is 4 of 15
Answer Stats
Hint Answer % Correct
Greatest Of All Time (Gen Z) GOAT
95%
Charisma (Gen Alpha) Rizz
80%
When you want to see 2 peoplein a relationship (Millennial) Ship
51%
Wrong (Gen Z) Cap
43%
When something is really good (Gen Z) Bussin
37%
Evil (Gen Alpha) Skibidi
30%
When a song is really good (Gen X) Banger
25%
Stealing part of something (Gen Alpha) Fanum Tax
23%
Before Anyone Else said to romanticpartner (Millennial) BAE
22%
When someone is overreacting(Gen X) Chill Pill
4%
If you really like something(Boomer) Dig It
4%
Something is correct (Millennial) Legit
3%
When you agree with someone(Boomer) Right On
3%
When you want to leave somewhere quickly (Boomer) Split
1%
Amazing (Gen X) Gnarly
0%
No matching quizzes found
Score Distribution
Percent of People with Each Score
Percentile by Number Answered
Your Score History
You have not taken this quiz